Introduction to probability and statistics / (Record no. 755)

MARC details
000 -LEADER
fixed length control field 00775nam a22002417a 4500
005 - DATE AND TIME OF LATEST TRANSACTION
control field 20250420134823.0
008 - FIXED-LENGTH DATA ELEMENTS--GENERAL INFORMATION
fixed length control field 211115b ||||| |||| 00| 0 eng d
020 ## - INTERNATIONAL STANDARD BOOK NUMBER
International Standard Book Number 9780357114469
040 ## - CATALOGING SOURCE
Transcribing agency KCST
082 ## - DEWEY DECIMAL CLASSIFICATION NUMBER
Classification number 519.5
Item number Me In
100 ## - MAIN ENTRY--PERSONAL NAME
Personal name Mendenhall, William
9 (RLIN) 5535
245 ## - TITLE STATEMENT
Title Introduction to probability and statistics /
Statement of responsibility, etc. William Mendenhall, III; Robert J Beaver; Barbara Beaver
250 ## - EDITION STATEMENT
Edition statement 15
Remainder of edition statement Metric version
260 ## - PUBLICATION, DISTRIBUTION, ETC.
Place of publication, distribution, etc. Australia ; United States :
Name of publisher, distributor, etc. Cengage;
Date of publication, distribution, etc. [2020] ©2020
300 ## - PHYSICAL DESCRIPTION
Extent 760 p.
650 ## - SUBJECT ADDED ENTRY--TOPICAL TERM
Topical term or geographic name entry element Mathematical statistics
Form subdivision Textbooks.
9 (RLIN) 5536
650 ## - SUBJECT ADDED ENTRY--TOPICAL TERM
Topical term or geographic name entry element Probabilities
Form subdivision Textbooks.
9 (RLIN) 5537
650 ## - SUBJECT ADDED ENTRY--TOPICAL TERM
Topical term or geographic name entry element Mathematical statistics.
9 (RLIN) 1389
700 ## - ADDED ENTRY--PERSONAL NAME
Personal name Beaver, Robert J
9 (RLIN) 5538
700 ## - ADDED ENTRY--PERSONAL NAME
Personal name Beaver, Barbara M
9 (RLIN) 5539
942 ## - ADDED ENTRY ELEMENTS (KOHA)
Koha item type Book
942 ## - ADDED ENTRY ELEMENTS (KOHA)
Source of classification or shelving scheme Dewey Decimal Classification
Holdings
Withdrawn status Lost status Source of classification or shelving scheme Damaged status Not for loan Home library Current library Date acquired Cost, normal purchase price Total checkouts Full call number Barcode Date last seen Cost, replacement price Price effective from Koha item type
    Dewey Decimal Classification     KCST Library KCST Library 15/11/2021 18.71   519.5 Me In 1000000986 15/11/2021 18.71 15/11/2021 Book
© 2025 KCST. All rights reserved